La rosa en la ceniza /

Guardado en:
Bibliografiske detaljer
Hovedforfatter: Oraa, Francisco de
Format: Ukendt
Sprog:Spanish
Udgivet: Cuba : Ediciones Unión, 1990.
Serier:(Serie Bolsilibros Unión)
Fag:
Tags: Tilføj Tag
Ingen Tags, Vær først til at tagge denne postø!

MARC

LEADER 000000000a22000000004500
001 002000
041 0 |a spa 
082 0 4 |a Cu861.44   |b D418r 
100 1 |a Oraa, Francisco de 
245 1 3 |a La rosa en la ceniza /   |c Francisco de Oraa. 
260 1 |a Cuba :   |b Ediciones Unión,   |c 1990. 
300 |a 488 páginas 
490 1 |a (Serie Bolsilibros Unión) 
500 |a revisar notación interna, lo correcto es O63 
650 4 |a LITERATURA CUBANA 
650 4 |a POESIA 
999 |c 8608  |d 8608 
942 |c BK  |h Cu861.44 D418r  |2 z